01162nam a2200169Ia 4500008004100000020001500041050002000056100003100076245007100107250001700178260003300195300001800228490002800246504003300274505065900307650002600966120626s1991 ag 000 0 spa d a9500383446 aLA13 bL85 1991 aLuzuriaga, Lorenzo.eautor aHistoria de la educación y la pedagogía n/ Lorenzo Luzuriaga a21 edición aArgentina b: Losadac, 1991 a280 páginas aBiblioteca pedagógica aBibliografía (pp. 261-268) aHistoria de la educación y de la pedagógia La educación primitiva La educación oriental La educación Griega La pedagogía Griega La educación Romana La educación cristiana primitiva La educación Medieval La educación Humanista La educación religiosa reformada (Protestante) La educación religiosa reformada (Católica) La educación en el siglo XVII La pedagogía en el siglo XVII La educación en el siglo XVIII La pedagogía en el siglo XVIII La educación en el siglo XIX La pedagogía en el siglo XIX La educación en el siglo XX La educación Nueva La pedagogía contemporánea  0aEDUCACIÓNxHISTORIA